000 00289nam a22001337a 4500
008 170623b xxu||||| |||| 00| 0 eng d
020 _a0521483751
041 _aeng
080 _a32
100 _a21
101 _aSHP
245 _aSUSTAINABLE DEMOCRACY
_cPRZEWORSKI,A
942 _2udc
_cBK
999 _c19098
_d19098